Statistics for 10 Most populated cities in England and Wales that have never hosted PL football

Click here to take the quiz!

General Stats

  • This quiz has been taken 120 times
  • The average score is 3 of 10

Answer Stats

PopAnswer% Correct
240000Plymouth
70%
135000Oxford
55%
182000York
50%
135000Newport
49%
130000Preston
36%
157000Peterborough
32%
316000Wakefield
31%
135000Lancaster
10%
130000St Albans
8%
190000Westminster
2%

Score Distribution

Percentile by Number Answered

Percent of People with Each Score

Your Score History

You have not taken this quiz